La formación del arquitecto en nuestro país: contrastación del proceso enseñanza aprendizaje acuñado en sus escuelas

Uloženo v:
Podrobná bibliografie
Médium: Kniha
Jazyk:španělština
Vydáno: Santiago CPU 1989
Témata:
Tagy: Přidat tag
Žádné tagy, Buďte první, kdo vytvoří štítek k tomuto záznamu!

MARC

LEADER 00000nam a2200000 a 4500
001 UCW4128
003 CL-VaPUC
008 890906e19890000CL |||||||||||||||||spa|d
082 0 4 |a 378.01  |b FOR  |2 21 
245 1 3 |a La formación del arquitecto en nuestro país: contrastación del proceso enseñanza aprendizaje acuñado en sus escuelas 
300 |a 42 h 
942 |c BK 
945 |d 19890906 00:00:00 
260 |a Santiago  |b CPU  |c 1989 
650 0 |a Arquitectura  |x Profesión  |9 308538 
650 7 |a FORMACION PROFESIONAL DE ARQUITECTOS  |2 CL-VaPUC  |9 308693 
583 |a last modification  |c 19890906 00:00:00  |k Rodrigo Vera 
999 |c 217927  |d 217925 
952 |0 0  |1 0  |4 0  |6 378_010000000000000_FOR_1989  |7 0  |8 P  |9 206608  |a BIBEDU  |b BIBEDU  |c BIBEDU_PB  |d 2019-11-15  |i 2744341  |o 378.01 FOR 1989  |p 2744341  |r 2024-01-25  |w 2019-11-15  |y BK  |k EDU